000 03224nam0a22003971 4500
001 rc\4205654
005 20250611013115.0
021 _aRU
_b[50-40462]
035 _a(NLR Aleph) 008009532
090 _a8691453
_c8691453
100 _a20130415d1950 |||y0rusy50 ca
101 0 _arus
102 _aRU
105 _ay z |||a|
200 1 _aРассказы азербайджанских писателей
_f[Ред. П. Лукницкий]
210 _aБаку
_cАзерб. изд-во дет. и юнош. лит.
_d1950
_gТип. "Кр. восток"
215 _a318 с.
_d20
225 1 _aДекада азербайджанской литературы
327 1 _aСодерж.: У Кирова / М.Д. Пашаев. В открытом море / А. Аскеров. Кара / Г. Мусаев. Метель / Г. Мусаев. Леса шумят / Ю. Ширван. Живая карта / М. Ализаде. Наши девушки / И. Гусейнов. Волкодав / М. Рзакулизаде. Последний знаменосец / Г. Алиоглу. Мастер Зейнал / Д. Мамедкулизаде. Конституция в Иране / Д. Мамедкулизаде. Бомба / А. Ахвердов. На горе высокой / А. Ахвердов. Нурэддин / С.С. Ахундов
464 0 _12001#$aПоследний знаменосец$fГ. Алиоглу
_1700#1$aАлиоглу$bГ.
_tПоследний знаменосец
_aАлиоглу, Г.
464 0 _12001#$aВолкодав$fМ. Рзакулизаде
_1700#1$aРзакулизаде$bМ.
_tВолкодав
_aРзакулизаде, М.
464 0 _12001#$aНаши девушки$fИ. Гусейнов
_1700#1$aГусейнов$bИ.
_tНаши девушки
_aГусейнов, И.
464 0 _12001#$aНурэддин$fС.С. Ахундов
_1700#1$aАхундов$bС.С.
_tНурэддин
_aАхундов, С.С.
464 0 _12001#$aБомба$aНа горе высокой$fА. Ахвердов
_1700#1$aАхвердов$bА.
_tНа горе высокой
_aАхвердов, А.
464 0 _12001#$aМастер Зейнал$aКонституция в Иране$fД. Мамедкулизаде
_1700#1$aМамедкулизаде$bД.
_tКонституция в Иране
_aМамедкулизаде, Д.
464 0 _12001#$aВ открытом море$fА. Аскеров
_1700#1$aАскеров$bА.
_tВ открытом море
_aАскеров, А.
464 0 _12001#$aУ Кирова$fМ.Д. Пашаев
_1700#1$aПашаев$bМ.Д.
_tУ Кирова
_aПашаев, М.Д.
464 0 _12001#$aКара$aМетель$fГ. Мусаев
_1700#1$aМусаев$bГ.
_tМетель
_aМусаев, Г.
464 0 _12001#$aЖивая карта$fМ. Ализаде
_1700#1$aАлизаде$bМ.
_tЖивая карта
_aАлизаде, М.
464 0 _12001#$aЛеса шумят$fЮ. Ширван
_1700#1$aШирван$bЮ.
_tЛеса шумят
_aШирван, Ю.
702 1 _aЛукницкий
_bП.Н.
_gПавел Николаевич
_4340
801 0 _aRU
_bNLR
_gpsbo
801 1 _aRU
_bELAR
_2rusmarc
852 _aNLR
_jДл02 Г-3/911
942 _cBOOK
980 _aNB